[Event "Biel SKA"]
[Site "Biel"]
[Date "1996.??.??"]
[Round "3"]
[White "Lautier, Joel"]
[Black "Miles, Anthony J"]
[Result "1-0"]
[WhiteElo "2620"]
[BlackElo "2630"]

1.e4 g6 2.d4 Nf6 3.e5 Nh5 4.Be2 Ng7 5.Nf3 d5 6.h3 h5 7.O-O c6 8.b3 a5 9.c4 Na6
10.Nc3 Nc7 11.cxd5 Nxd5 12.Nxd5 cxd5 13.Ng5 Bd7 14.Bd3 Ne6 15.Qf3 Nxg5 16.Bxg5 Qb6
17.Qxd5 Bc6 18.Qc5 Qxc5 19.dxc5 Bg7 20.Rfe1 Rd8 21.Bc4 Bd5 22.Bb5+ Bc6 23.Bc4 Bd5
24.Bf1 Kd7 25.Rad1 Ke6 26.h4 Bc6 27.Bc4+ Bd5 28.Rxd5 Rxd5 29.Bxe7 Kxe7 30.Bxd5 Rc8
31.Rc1 Bxe5 32.Bxb7 Rd8 33.Bf3 Rd2 34.c6 Bc7 35.Rd1 Rxd1+ 36.Bxd1 Kd6 37.Be2 Ke7
38.Bc4 f5 39.Kf1 Bd8 40.Ke2 Ke8 41.Be6 Ke7 42.Bg8 Kf8 43.Bd5 Ke7 44.Kd3 f4
45.Kc4 Kd6 46.Be4 Bxh4 47.Kb5 Bd8 48.Bxg6 h4 49.Be4 Bc7 50.Ka6 Bd8 51.Kb7 Bc7
52.Bf3 Bd8 53.a3  1-0

[Event "Biel SKA"]
[Site "Biel"]
[Date "1996.??.??"]
[Round "4"]
[White "Miles, Anthony J"]
[Black "Almasi, Zoltan"]
[Result "0-1"]
[WhiteElo "2630"]
[BlackElo "2655"]

1.a3 Nf6 2.Nf3 d5 3.d4 c6 4.e3 Bg4 5.h3 Bh5 6.g4 Bg6 7.Ne5 Nfd7 8.Nxg6 hxg6
9.c4 e6 10.Nd2 Be7 11.Bg2 Na6 12.b3 Nc7 13.Bb2 b5 14.cxd5 cxd5 15.Rc1 Rc8
16.Qe2 a6 17.O-O O-O 18.f4 Ne8 19.e4 dxe4 20.Nxe4 Nef6 21.Nc3 Nb6 22.g5 Nh5
23.Qd3 Bd6 24.Ne2 Qe7 25.Rxc8 Rxc8 26.b4 Qc7 27.Bc1 Qc2 28.Be4 Qc7 29.Bg2 Nd5
30.Bxd5 exd5 31.Rf3 Qd7 32.Kf2 Bb8 33.f5 gxf5 34.Qxf5 Qxf5 35.Rxf5 Rc2 36.Rxd5 Ng3
37.Rd8+ Kh7 38.Rxb8 Nxe2 39.Be3 Nxd4+ 40.Kf1 Nf5 41.g6+ fxg6 42.Bb6 Rc3 43.Ra8 Rxa3
44.Ba5 Ne3+ 45.Kg1 Nc4 46.Rxa6 Rxh3 47.Ra8 Ra3 48.Kh2 g5 49.Ra6 g6 50.Ra8 g4
51.Kg2 Ne3+ 52.Kg3 Nd5+ 53.Kxg4 Nxb4 54.Ra7+ Kh6 55.Ra8 Ra4  0-1

[Event "Biel SKA"]
[Site "Biel"]
[Date "1996.??.??"]
[Round "10"]
[White "Miles, Anthony J"]
[Black "Karpov, Anatoly"]
[Result "1/2-1/2"]
[WhiteElo "2630"]
[BlackElo "2775"]

1.g3 Nf6 2.Bg2 d5 3.Nf3 c6 4.b3 Bg4 5.Bb2 Nbd7 6.d3 e6 7.O-O Bd6 8.e4 O-O
9.h3 Bxf3 10.Qxf3 Be5 11.d4 dxe4 12.Qe2 Bd6 13.Nd2 Re8 14.Nxe4 Nxe4 15.Bxe4 Qa5
16.a3  1/2-1/2

[Event "Capablanca mem-A"]
[Site "Cienfuegos"]
[Date "1996.??.??"]
[Round "1"]
[White "Miles, Anthony J"]
[Black "Wahls, Matthias"]
[Result "1/2-1/2"]
[WhiteElo "2635"]
[BlackElo "2555"]

1.d4 Nf6 2.Nf3 e6 3.g3 b5 4.Nbd2 Bb7 5.Nb3 Be7 6.Bg2 O-O 7.O-O h6 8.Bd2 Bd5
9.a4 b4 10.Ne5 Bxg2 11.Kxg2 d6 12.Nc4 Nc6 13.c3 bxc3 14.Bxc3 Qd7 15.Qc2 Rab8
16.Rfc1  1/2-1/2

[Event "Capablanca mem-A"]
[Site "Cienfuegos"]
[Date "1996.??.??"]
[Round "5"]
[White "Zapata, Alonso"]
[Black "Miles, Anthony J"]
[Result "1/2-1/2"]
[WhiteElo "2505"]
[BlackElo "2635"]

1.e4 c6 2.d4 d5 3.Nc3 dxe4 4.Nxe4 Bf5 5.Ng3 Bg6 6.h4 h6 7.Nf3 Nd7 8.h5 Bh7
9.Bd3 Bxd3 10.Qxd3 Qc7 11.Bd2 e6 12.O-O-O O-O-O 13.c4 Ngf6 14.Bc3 Bd6 15.Ne4 Bf4+
16.Kb1 Ne5 17.Nxe5 Bxe5 18.Nc5 Bd6 19.Qf3 Bxc5 20.dxc5 Rxd1+ 21.Rxd1 Rd8
22.Re1 Qe7 23.b4 Ne8 24.Kc2 f6 25.Qe4 Nc7 26.f4 Qd7 27.a4 Qe7 28.Qe3 Qf7
29.Qe2 Qe7 30.Kb3 a6 31.Qe3 Qd7 32.g4 Qd3 33.g5 Qf5 34.Qe4 Qh3 35.gxf6 gxf6
36.Re3 Qxh5 37.Bxf6 Rd2 38.Re1 a5 39.Rh1 Qg4 40.Bc3 Rd1 41.Rxh6 axb4 42.Rh8+ Rd8
43.Rxd8+ Kxd8 44.Qd4+ Kc8 45.Kxb4 Qg8 46.Qd6 Qd8 47.Qxd8+  1/2-1/2

[Event "Capablanca mem-A"]
[Site "Cienfuegos"]
[Date "1996.??.??"]
[Round "7"]
[White "Hernandez, Gilberto"]
[Black "Miles, Anthony J"]
[Result "0-1"]
[WhiteElo "2555"]
[BlackElo "2635"]

1.e4 Nc6 2.Nf3 e5 3.Bb5 Nf6 4.O-O Nxe4 5.d4 Nd6 6.Bxc6 dxc6 7.dxe5 Nf5 8.Qxd8+ Kxd8
9.Nbd2 Ke8 10.Re1 h6 11.h3 c5 12.Ne4 b6 13.Bf4 Be6 14.Rad1 Rd8 15.Rxd8+ Kxd8
16.g4 Ne7 17.Bg3 Nc6 18.a3 Be7 19.Nh4 Kc8 20.Nf3 Rd8 21.Kg2 Kb7 22.Nfd2 h5
23.f3 Nd4 24.c3 Nc6 25.Nf1 Na5 26.Ne3 Nc4 27.Nxc4 Bxc4 28.f4 Rd3 29.gxh5 Be6
30.Re2 Rd8 31.Bf2 Kc6 32.Be1 Kb5 33.Ng3 Ka4 34.f5 Bd5+ 35.Kf2 Bh4 36.c4 Bxc4
37.Re4 Rd4 38.Ke3 Bg5+ 39.Kf2 Bd3 40.Rg4 Bh6 41.Bc3 Rf4+ 42.Rxf4+ Bxf4 43.e6 f6
44.Kf3 Bh6 45.Ne4 Kb3 46.a4 Bc2 47.a5 Bd3 48.axb6 axb6 49.h4 Bc2 50.Ng3 Kc4
51.e7 Ba4 52.Ne4 Bc6 53.Kg4 Kd5 54.Nxf6+ gxf6 55.Bxf6 Bd7 56.Bg5 Bg7 57.h6 Bxb2
58.e8=Q Bxe8 59.f6 Bxf6 60.Bxf6 Bg6 61.Kg5 Bd3 62.Bd8 b5  0-1

[Event "Capablanca mem-A"]
[Site "Cienfuegos"]
[Date "1996.??.??"]
[Round "8"]
[White "Miles, Anthony J"]
[Black "Vera, Reynaldo"]
[Result "1-0"]
[WhiteElo "2635"]
[BlackElo "2495"]

1.d4 Nf6 2.Nf3 g6 3.c4 Bg7 4.Nc3 d5 5.e3 O-O 6.b4 b6 7.Qb3 e6 8.cxd5 exd5
9.Be2 c5 10.O-O c4 11.Qd1 Bb7 12.b5 Re8 13.a4 Nbd7 14.Ba3 Bf8 15.Re1 a5 16.bxa6 Rxa6
17.Nd2 Bc6 18.Bxf8 Nxf8 19.Bf3 Qa8 20.Qb1 Ne6 21.g3 Kg7 22.Bg2 Re7 23.Qb2 Kg8
24.Nf3 Ne4 25.Nxe4 dxe4 26.Nd2 Bd5 27.Nb1 Ng5 28.Nc3 Re6 29.Reb1 Ra5 30.Qc1 Nf3+
31.Kh1 g5 32.Rb5 Rxb5 33.axb5 Qd8 34.Ra7 Qb8 35.Ra4 Bb7 36.Rxc4 Rh6 37.Bxf3 exf3
38.e4 Rh5 39.Nd5 Kg7 40.Qe3 Qe8 41.Qxf3 Bxd5 42.exd5 Qxb5 43.Rc1 Rh6 44.Qf5  1-0

[Event "Capablanca mem-A"]
[Site "Cienfuegos"]
[Date "1996.??.??"]
[Round "9"]
[White "Nogueiras, Jesus"]
[Black "Miles, Anthony J"]
[Result "1/2-1/2"]
[WhiteElo "2555"]
[BlackElo "2635"]

1.Nf3 d5 2.d4 Nf6 3.c4 dxc4 4.e3 Bg4 5.Bxc4 e6 6.Nc3 Nbd7 7.h3 Bh5 8.O-O Bd6
9.e4 e5 10.g4 Bg6  1/2-1/2

[Event "Gran Canaria op"]
[Site "Gran Canaria"]
[Date "1996.??.??"]
[Round "?"]
[White "Miles, Anthony J"]
[Black "Menvielle Lacourrelle, Augusto"]
[Result "1/2-1/2"]
[WhiteElo "2635"]
[BlackElo "2285"]

1.e4 e6 2.d4 d5 3.Nc3 Bb4 4.e5 c5 5.Bd2 Ne7 6.Nf3 cxd4 7.Nb5 Bxd2+ 8.Qxd2 O-O
9.Nbxd4 Nbc6 10.Nxc6 bxc6 11.Bd3 Qb6 12.b3 Ba6 13.O-O Bxd3 14.Qxd3 Ng6 15.Rae1 c5
16.h4 f6 17.c4 Rad8 18.cxd5 Rxd5 19.Qc3 f5 20.Rc1 h6 21.Qe3 Ne7 22.Rc4 Rfd8
23.Kh2 Nc6 24.Rfc1 Nd4 25.Nxd4 Rxd4 26.h5 Rxc4 27.Rxc4 Rd4 28.g3 Rxc4 29.bxc4 Qc6
30.Qd3 Qc7 31.f4 Qf7 32.Qd8+ Kh7 33.Qd1 Qb7 34.Qe2 Qd7 35.Qe3 Qd1 36.Qxc5 Qxh5+
37.Kg2 Qe2+ 38.Qf2 Qxc4 39.Qxa7 Qe4+ 40.Kf2 Qc2+ 41.Kg1 Qd1+ 42.Kg2 Qd5+
43.Kh2 Qd2+ 44.Kh3 Qd5 45.Qf2 g5 46.Kh2 Qc4 47.Qd2 Kg6 48.Kg2 g4 49.Kf2 Qe4
50.Qc3 h5 51.Qb3 Kf7  1/2-1/2

[Event "Gran Canaria op"]
[Site "Gran Canaria"]
[Date "1996.??.??"]
[Round "?"]
[White "Lopez Colon, Francisco"]
[Black "Miles, Anthony J"]
[Result "0-1"]
[WhiteElo "2020"]
[BlackElo "2635"]

1.d4 e6 2.c4 b6 3.e4 Bb7 4.Bd3 f5 5.exf5 Bb4+ 6.Nc3 Bxg2 7.Qh5+ Kf8 8.fxe6 Qe8
9.Qf5+ Nf6 10.d5 dxe6 11.dxe6 Qg6 12.Qxg6 hxg6 13.Ne2 Bxh1 14.Nf4 Rxh2 15.Nxg6+ Ke8
16.Bf4 Rh3 17.O-O-O Bxc3 18.bxc3 Bf3 19.Re1 Rh1  0-1

[Event "Koop Tjuchem op"]
[Site "Groningen"]
[Date "1996.??.??"]
[Round "2"]
[White "Miles, Anthony J"]
[Black "Kadimova, Ilaha"]
[Result "1/2-1/2"]
[WhiteElo "2630"]
[BlackElo "2415"]

1.e4 c6 2.d4 d5 3.Nd2 dxe4 4.Nxe4 Nd7 5.Bd3 Ngf6 6.Ng5 e6 7.N1f3 Bd6 8.Qe2 h6
9.Ne4 Nxe4 10.Qxe4 Nf6 11.Qe2 Qc7 12.Bd2 b6 13.O-O-O Bb7 14.Kb1 O-O-O 15.Ba6 Kb8
16.Bxb7 Qxb7 17.Rhe1 Rc8 18.Ne5 Rhd8 19.Qf3 Bxe5 20.dxe5 Ne8 21.h4 Rd7 22.h5 Rcd8
23.Bf4 Rxd1+ 24.Rxd1 Rxd1+ 25.Qxd1 Kc8 26.b3 Qd7 27.Qxd7+ Kxd7 28.g4 Nc7
29.c4 Na6 30.a3 c5 31.Kc2 Nb8 32.b4 Nc6 33.bxc5 bxc5 34.Kd3 a6 35.Bg3 Ne7
36.f4 g6 37.hxg6 fxg6 38.Bf2 Kc6 39.Ke4 h5 40.Bh4 Kd7 41.Bxe7  1/2-1/2

[Event "Koop Tjuchem op"]
[Site "Groningen"]
[Date "1996.??.??"]
[Round "3"]
[White "Shaked, Tal"]
[Black "Miles, Anthony J"]
[Result "1/2-1/2"]
[WhiteElo "2440"]
[BlackElo "2630"]

1.e4 c5 2.Nf3 Nc6 3.c3 d5 4.exd5 Qxd5 5.d4 Bg4 6.Be2 cxd4 7.cxd4 e6 8.Nc3 Qa5
9.h3 Bh5 10.O-O Nf6 11.Qb3 Qb4 12.Be3 Bd6 13.Nb5 Bb8 14.g4 Bg6 15.Ne5 Nd5
16.Bf3 f6 17.Nxc6 Qxb3 18.axb3 bxc6 19.Rfc1 Kd7 20.Nc3 Bd6 21.Ra6 Bd3 22.Rxc6 Kxc6
23.Nxd5+ Kd7 24.Nf4 Bxf4 25.Bxa8 Bxe3 26.Bc6+ Kd6 27.fxe3 Rc8 28.Rc3 Rxc6
29.Rxd3 Rc2 30.b4 Kd5 31.Ra3 Rc7 32.Kf2 Ke4 33.Kg3 e5 34.dxe5 fxe5 35.b5 Rf7
36.Kg2 g5 37.Rc3 Rd7 38.Rc5 h6 39.b4 Rd2+ 40.Kg3 Re2 41.Rc6 Rxe3+ 42.Kg2 Rb3
43.b6 axb6 44.Rxb6 Rb2+ 45.Kg3 Rb3+ 46.Kg2 Rb2+  1/2-1/2

[Event "Koop Tjuchem op"]
[Site "Groningen"]
[Date "1996.??.??"]
[Round "5"]
[White "Welling, Gerard"]
[Black "Miles, Anthony J"]
[Result "0-1"]
[WhiteElo "2395"]
[BlackElo "2630"]

1.Nf3 d6 2.d4 Nf6 3.g3 g6 4.Bg2 Bg7 5.O-O O-O 6.Nbd2 Nc6 7.e4 Nd7 8.c3 e5
9.dxe5 Ndxe5 10.Qc2 Bd7 11.Nxe5 Nxe5 12.Nf3 Nxf3+ 13.Bxf3 Bc6 14.Bg2 a5 15.Bf4 Re8
16.Rfe1 a4 17.a3 Qe7 18.Qd2 Qe6 19.h4 Re7 20.Bg5 f6 21.Bf4 Rae8 22.Kh2 Qf7
23.f3 d5 24.exd5 Qxd5 25.Rxe7 Rxe7 26.Re1 Qxd2 27.Bxd2 Rxe1 28.Bxe1 Bh6 29.c4 f5
30.Bc3 Kf7 31.f4 Bxg2 32.Kxg2 Bf8 33.Bd4 c6 34.Kf3 b5 35.cxb5 cxb5 36.Ke2 Ke6  0-1

[Event "Koop Tjuchem op"]
[Site "Groningen"]
[Date "1996.??.??"]
[Round "7"]
[White "Kempinski, Robert"]
[Black "Miles, Anthony J"]
[Result "1/2-1/2"]
[WhiteElo "2510"]
[BlackElo "2630"]

1.d4 e6 2.c4 b6 3.Nf3 Bb7 4.g3 Bb4+ 5.Bd2 Bxd2+ 6.Qxd2 Bxf3 7.exf3 d5 8.Bg2 Ne7
9.O-O O-O 10.cxd5 Nxd5 11.Nc3 Nc6 12.Nxd5 Qxd5 13.f4 Qd6 14.Rfd1 Rad8 15.Bxc6 Qxc6
16.Rac1 Qd6 17.Qc2 Rd7 18.Qc6 Qe7 19.Rc4 Rfd8 20.Rdc1 g6 21.Qa4 a5 22.Qc2 Rxd4
23.Rxc7 Qd6 24.Rc8 Rd2 25.Rxd8+ Qxd8 26.Qc8 Qxc8 27.Rxc8+ Kg7 28.b3 b5 29.Rc5 Rd5
30.Rc7 h5 31.a3 Rd3  1/2-1/2

[Event "Koop Tjuchem op"]
[Site "Groningen"]
[Date "1996.??.??"]
[Round "9"]
[White "Miles, Anthony J"]
[Black "Klovans, Janis"]
[Result "1-0"]
[WhiteElo "2630"]
[BlackElo "2530"]

1.d4 d5 2.Bg5 c6 3.e3 Qb6 4.b3 Bf5 5.Bd3 Bxd3 6.Qxd3 Nd7 7.Nf3 Ngf6 8.O-O e6
9.c4 Be7 10.Nc3 O-O 11.e4 dxe4 12.Nxe4 Rfe8 13.Nc3 Rad8 14.Qc2 Nf8 15.Rad1 Ng6
16.Rfe1 Qc7 17.Ne5 Nxe5 18.dxe5 Nd7 19.Bxe7 Rxe7 20.Rd6 Ree8 21.f4 Nc5 22.Red1 Rxd6
23.Rxd6 Rd8 24.b4 Rxd6 25.exd6 Qxd6 26.bxc5 Qxc5+ 27.Qf2 Qxc4 28.Qxa7 g5
29.Qe3 gxf4 30.Qe5 b5 31.h3 b4 32.Ne4 Qxa2 33.Nf6+ Kg7 34.Nd7+ Kg8 35.Kh2 Qf2
36.Nf6+ Kf8 37.Nxh7+ Kg8 38.Nf6+ Kf8 39.Qd6+ Kg7 40.Nh5+ Kg6 41.Nxf4+ Kf5
42.Nd3 Qd2 43.Qc5+ Ke4 44.Nxb4  1-0

[Event "Koop Tjuchem op"]
[Site "Groningen"]
[Date "1996.??.??"]
[Round "10"]
[White "Ye Jiangchuan"]
[Black "Miles, Anthony J"]
[Result "1-0"]
[WhiteElo "2540"]
[BlackElo "2630"]

1.e4 c5 2.Nf3 e6 3.d4 cxd4 4.Nxd4 a6 5.Bd3 Nc6 6.Nxc6 dxc6 7.Nd2 e5 8.O-O Nf6
9.Nc4 Bg4 10.Qe1 Nd7 11.f4 Be6 12.Kh1 f6 13.Be3 Qc7 14.a4 O-O-O 15.f5 Bxc4
16.Bxc4 Bc5 17.Bd2 Kb8 18.b4 Bd4 19.Rb1 Nb6 20.Bb3 Nc8 21.Be6 Rd6 22.c3 Ba7
23.c4 Qd8 24.Rd1 Rd3 25.Qe2 a5 26.bxa5 Rd6 27.Bb4 c5 28.Bc3 Qe7 29.Bd5 Rhd8
30.Qh5 h6 31.Qe2 Ra6 32.Rb1 Nd6 33.Rb3 Kc7 34.Rfb1 Rb8 35.Qb2 Kc8 36.h3 Qc7
37.Qd2 Qe7 38.Qe2 Kc7 39.Be1 Kc8 40.Qg4 Kc7 41.Kh2 Qd7 42.Qd1 Qe7 43.Qg4 Kc8
44.Qg6 Kc7 45.Bd2 Qf8 46.Qh7  1-0

[Event "Las Palmas op"]
[Site "Las Palmas"]
[Date "1996.??.??"]
[Round "2"]
[White "Miles, Anthony J"]
[Black "Rodriguez Lopez, Rafael"]
[Result "1-0"]
[WhiteElo "2630"]
[BlackElo "2410"]

1.c4 Nf6 2.Nf3 e6 3.g3 d5 4.Bg2 c5 5.cxd5 Nxd5 6.O-O Nd7 7.d4 Be7 8.e4 Nb4
9.Qe2 O-O 10.Rd1 cxd4 11.Nxd4 a6 12.Nc3 Qe8 13.a4 Ne5 14.a5 Nd7 15.f4 Nc6
16.Nxc6 bxc6 17.e5 Bb7 18.Ne4 Qc8 19.Be3 c5 20.Nd6 Bxd6 21.Rxd6 Bxg2 22.Qxg2 Ra7
23.Rad1 Rc7 24.Qd2 Rd8 25.f5 h6 26.Bxh6 gxh6 27.Qxh6 exf5 28.e6  1-0

[Event "Las Palmas op"]
[Site "Las Palmas"]
[Date "1996.??.??"]
[Round "3"]
[White "Fernandez Garcia, Jose L"]
[Black "Miles, Anthony J"]
[Result "1/2-1/2"]
[WhiteElo "2490"]
[BlackElo "2630"]

1.e4 c6 2.d4 d5 3.Nc3 dxe4 4.Nxe4 Bf5 5.Ng3 Bg6 6.h4 h6 7.Nf3 Nd7 8.h5 Bh7
9.Bd3 Bxd3 10.Qxd3 Qc7 11.Bd2 e6 12.O-O-O O-O-O 13.Qe2 Bd6 14.Rh4 Ngf6 15.Re1 Bxg3
16.fxg3 Rhe8 17.Kb1 b5 18.a4 Qb6 19.Ne5 Nxe5  1/2-1/2

[Event "Sakthi"]
[Site "Sakthi"]
[Date "1996.??.??"]
[Round "4"]
[White "Miles, Anthony J"]
[Black "Lovlu, Saifuddi"]
[Result "1-0"]
[WhiteElo "2635"]
[BlackElo "2215"]

1.d4 d5 2.Bg5 Bf5 3.e3 Nd7 4.c4 h6 5.Bh4 c6 6.Nc3 Ngf6 7.Nf3 e6 8.Qb3 Qb6
9.c5 Qxb3 10.axb3 a6 11.b4 Rc8 12.Be2 Be7 13.Nd2 O-O 14.Nb3 Bd8 15.Na5 Bxa5
16.bxa5 Rfe8 17.Ra4 e5 18.Kd1 exd4 19.exd4 Nf8 20.Rb4 Rc7 21.Bg3 Rd7 22.f3 Re6
23.Kd2 Ne8 24.Ra1 f6 25.Ra3 Ree7 26.Rab3 Ne6 27.Bf2 Nd8 28.g4 Bh7 29.Bg3 g5
30.Na4 Re6 31.Nb6 Rf7 32.Nc8 Bg6 33.f4 gxf4 34.Bxf4 Rh7 35.Nd6 Nxd6 36.Bxd6 Rf7
37.Rh3 Rh7 38.Bf4 h5 39.gxh5 Be4 40.Rg3+ Kf8 41.Bg4 f5 42.Be2 Ke8 43.Rbb3 Kd7
44.Rg6 Re8 45.h6 Kc8 46.Bxa6 Ne6 47.Rxb7 Rxb7 48.h7 Nxf4 49.Rg8 Kd7 50.Bxb7 Ng6
51.Bxc6+  1-0

[Event "Sakthi"]
[Site "Sakthi"]
[Date "1996.??.??"]
[Round "5"]
[White "Thipsay, Praveen Mahadeo"]
[Black "Miles, Anthony J"]
[Result "0-1"]
[WhiteElo "2475"]
[BlackElo "2635"]

1.e4 e5 2.Nf3 Nc6 3.Bb5 Nf6 4.O-O Nxe4 5.d4 Nd6 6.Bxc6 dxc6 7.dxe5 Nf5 8.Qxd8+ Kxd8
9.Nc3 Ke8 10.b3 a5 11.Bb2 Bb4 12.h3 Bxc3 13.Bxc3 c5 14.Rfe1 h6 15.g4 Ne7
16.e6 f6 17.Nh4 Ra6 18.f4 Bxe6 19.Bxa5 h5 20.g5 Kd7 21.Bd2 Rha8 22.Be3 Bxh3
23.Bxc5 Nf5 24.Nxf5 Bxf5 25.b4 Kc6 26.Re7 fxg5 27.fxg5 g6 28.c4 Ra4 29.Re5 b6
30.Bf2 Rxb4 31.c5 b5 32.Be3 Rb2 33.a3 Ra4  0-1

[Event "Sakthi"]
[Site "Sakthi"]
[Date "1996.??.??"]
[Round "6"]
[White "Babu, N Sudhakar"]
[Black "Miles, Anthony J"]
[Result "1/2-1/2"]
[WhiteElo "2445"]
[BlackElo "2635"]

1.d4 e6 2.c4 b6 3.e4 Bb7 4.f3 f5 5.exf5 Nh6 6.fxe6 Nf5 7.Bf4 dxe6 8.Ne2 c5
9.d5 exd5 10.cxd5 Qxd5 11.Qxd5 Bxd5 12.Nbc3 Bb7 13.Nb5 Na6 14.Ng3 Nxg3 15.hxg3 Rd8
16.Kf2 Be7 17.Re1 Kf8 18.Bc4 Bd5 19.Bxd5 Rxd5 20.Rd1 Nb4 21.Rxd5 Nxd5 22.Nxa7 Bf6
23.Nb5 Kf7 24.b3 Nb4 25.a4 Rd8 26.Rb1 g5 27.Bd6 Nc2  1/2-1/2

[Event "Sakthi"]
[Site "Sakthi"]
[Date "1996.??.??"]
[Round "7"]
[White "Miles, Anthony J"]
[Black "Konguveel, Ponnuswamy"]
[Result "1/2-1/2"]
[WhiteElo "2635"]
[BlackElo "2395"]

1.Nf3 d5 2.d4 e6 3.c4 c5 4.cxd5 exd5 5.g3 Nf6 6.Bg2 Be7 7.O-O O-O 8.dxc5 Bxc5
9.Bg5 Nc6 10.Nc3 d4 11.Bxf6 Qxf6 12.Nd5 Qd8 13.Nd2 Re8 14.Re1 Bg4 15.Rc1 Bb6
16.Nc4 Ba5 17.Nxa5 Qxa5 18.b4 Nxb4 19.Qxd4 Nxd5 20.Qxd5 Qxd5 21.Bxd5 Rad8
22.Bxb7 Rxe2 23.Rxe2 Bxe2 24.Rc7 Kf8 25.Be4 Rd4 26.f3 Bd3 27.Ba8 a6 28.Rc1 Bc4  1/2-1/2

[Event "Sakthi"]
[Site "Sakthi"]
[Date "1996.??.??"]
[Round "8"]
[White "Ramesh, RB."]
[Black "Miles, Anthony J"]
[Result "0-1"]
[WhiteElo "2415"]
[BlackElo "2635"]

1.e4 c5 2.Nf3 Nc6 3.d4 cxd4 4.Nxd4 Qc7 5.Nc3 e6 6.Be3 a6 7.Bd3 Nf6 8.O-O Bd6
9.f4 Bc5 10.Nf5 Bxe3+ 11.Nxe3 d6 12.Kh1 O-O 13.g4 b5 14.g5 Nd7 15.Rf3 Bb7
16.Rh3 g6 17.Qg4 Nd4 18.Qh4 h5 19.gxh6 b4 20.Ncd1 Qd8 21.Qxd8 Raxd8 22.Kg1 Nc5
23.Nf2 Nxd3 24.cxd3 Ne2+ 25.Kf1 Nxf4 26.Rf3 e5 27.Nc4 f5 28.Rg3 fxe4 29.dxe4 Bc6
30.Ke1 Bb5 31.Ne3 Kh7 32.Neg4 Rc8 33.Rd1 Rc6 34.Rd2 Ne6 35.Rd1 Nd4 36.Nd3 Rc2
37.Rd2 Rc1+  0-1

[Event "Sakthi"]
[Site "Sakthi"]
[Date "1996.??.??"]
[Round "10"]
[White "Koshy, Varugeese"]
[Black "Miles, Anthony J"]
[Result "0-1"]
[WhiteElo "2410"]
[BlackElo "2635"]

1.c4 e5 2.g3 Nf6 3.Bg2 Nc6 4.Nc3 Bb4 5.Nd5 Bc5 6.a3 d6 7.e3 Bb6 8.h3 Nxd5
9.cxd5 Ne7 10.Ne2 f5 11.d4 e4 12.Nf4 O-O 13.h4 Qe8 14.f3 Ng6 15.Kf2 c5 16.dxc6 bxc6
17.Bd2 Nxf4 18.gxf4 Ba6 19.fxe4 fxe4 20.Qg4 h5 21.Qd1 c5 22.Bc3 Bd3 23.Qb3+ Qf7
24.Qxf7+ Rxf7 25.Bf1 cxd4 26.Bxd3 exd3 27.Bxd4 Bxd4 28.exd4 Rxf4+ 29.Ke3 Raf8
30.Kxd3 d5 31.Rae1 Rg4 32.Re5 Rf3+ 33.Kc2 Rf2+ 34.Kc3 Rf3+ 35.Kb4 Rxd4+ 36.Kc5 Rd2
37.Rxh5 Rxb2 38.Rxd5 Rxa3 39.Rd4 Ra5+ 40.Kd6 Rb6+ 41.Kd7 Rf5 42.Re1 Rf7+
43.Kc8 Kh7 44.Re5 Kh6 45.Rdd5 Rc6+ 46.Kb8 Kh7 47.Re8 a6 48.Ree5 Rh6 49.h5 Rhf6
50.Ra5 Rc6 51.Rad5 Rcc7 52.Ra5 Rce7 53.Rxe7 Rxe7 54.Kc8 Kh6 55.Kd8 Rb7  0-1

[Event "Toscolano op"]
[Site "Toscolano"]
[Date "1996.??.??"]
[Round "1"]
[White "Lagrotteria, Salvatore"]
[Black "Miles, Anthony J"]
[Result "0-1"]
[WhiteElo "2165"]
[BlackElo "2630"]

1.Nf3 d6 2.d4 Bg4 3.Qd3 c6 4.e4 Nf6 5.Nbd2 e6 6.c3 Be7 7.g3 O-O 8.Bg2 d5
9.O-O Bh5 10.Ne5 Nbd7 11.f4 Nxe5 12.fxe5 Nd7 13.exd5 cxd5 14.Nf3 Rb8 15.h4 b5
16.Bg5 b4 17.cxb4 Rxb4 18.b3 Bxg5 19.Nxg5 Bg6 20.Qe3 Qb6 21.Nf3 Nb8 22.Rad1 Nc6
23.Rd2 Bh5 24.Rfd1 a5 25.Qf4 f6 26.g4 fxe5 27.Qg5 e4 28.gxh5 exf3 29.h6 Rf7
30.Bh3 Rxd4 31.Rxd4 Nxd4 32.Kh1 f2 33.Rc1 Qb8 34.Qg2 Qf8 35.Rf1 g6 36.Qg5 Rf3
37.Kg2 Rf4 38.Qe5 Re4 39.Qg7+ Qxg7 40.hxg7 Rxh4 41.Rxf2 Kxg7  0-1

[Event "Toscolano op"]
[Site "Toscolano"]
[Date "1996.??.??"]
[Round "3"]
[White "Bini, Lorenzo"]
[Black "Miles, Anthony J"]
[Result "0-1"]
[WhiteElo "2200"]
[BlackElo "2630"]

1.b3 e5 2.Bb2 d6 3.g3 f5 4.Bg2 Nf6 5.e3 c6 6.Ne2 Na6 7.d4 e4 8.a3 g6 9.c4 Bg7
10.Nf4 Nc7 11.Nc3 O-O 12.Rc1 Bd7 13.a4 g5 14.Nfe2 Be8 15.h4 h6 16.hxg5 hxg5
17.Qd2 Bh5 18.d5 c5 19.Na2 Bg4 20.b4 b6 21.Bc3 Qe7 22.Ba1 Nd7 23.Bxg7 Qxg7
24.Qc3 Ne5 25.Kd2 Ne8 26.Rcf1 Nf6 27.Ng1 Bf3 28.Bxf3 exf3 29.Kc2 g4 30.Kb3 Ne4
31.Qb2 Nxc4 32.Qxg7+ Kxg7 33.Kxc4 Nd2+ 34.Kd3 Nxf1 35.Nxf3 Nxg3 36.fxg3 gxf3
37.Rf1 Rae8 38.Rxf3 Re4 39.bxc5 bxc5 40.Nc3 Rg4 41.Nb5 Rf6 42.Nxa7 Rxa4 43.Nb5 Kg6
44.Nc3 Rg4 45.Ne2 Rf7 46.Nf4+ Kg5 47.Nh3+ Kf6 48.Nf2 Ra4 49.Nh3 Ke5 50.Nf4 Rg7
51.Ne2 Rb7 52.Nc3 Rg4 53.Kc2 Rh7 54.Kd3 Rh2 55.Nd1 Ra2 56.Nf2 Rga4 57.Kc3 Kxd5
58.Rxf5+ Ke6 59.Rf8 d5 60.g4 R4a3+  0-1

[Event "Toscolano op"]
[Site "Toscolano"]
[Date "1996.??.??"]
[Round "8"]
[White "Miles, Anthony J"]
[Black "Medancic, Rikard"]
[Result "1-0"]
[WhiteElo "2630"]
[BlackElo "2310"]

1.c4 e5 2.Nc3 Nc6 3.g3 f5 4.Bg2 Nf6 5.e3 Bb4 6.Nge2 O-O 7.O-O d6 8.d4 Bxc3
9.Nxc3 Bd7 10.Rb1 a5 11.b3 Qc8 12.d5 Nd8 13.f4 Nf7 14.Bb2 Re8 15.Qd2 Qb8
16.Bh3 Qc8 17.Rbe1 Re7 18.Qc2 g6 19.Bg2 Qe8 20.e4 c6 21.exf5 Bxf5 22.Qd2 h5
23.Nd1 cxd5 24.Ne3 d4 25.Nxf5 gxf5 26.fxe5 dxe5 27.Bh3 a4 28.Bxf5 Kg7 29.Bd3 axb3
30.axb3 Qd7 31.c5 Qc6 32.b4 Rd8 33.Rf5 Qe6 34.Bb1 h4 35.Ref1 Ng4 36.Rxf7+ Rxf7
37.Qg5+ Kf8 38.Qxd8+ Kg7 39.Rxf7+  1-0

[Event "Capablanca 32th Elite"]
[Site "Cienfuegos"]
[Date "1997.05.05"]
[Round "1"]
[White "Miles, Anthony J"]
[Black "Hernandez, Gilberto"]
[Result "1/2-1/2"]
[WhiteElo "2550"]
[BlackElo "2540"]

1.d4 Nf6 2.Nf3 g6 3.c3 Bg7 4.Bg5 O-O 5.Nbd2 d5 6.e3 Nbd7 7.Be2 Re8 8.O-O e5
9.Nb3 c6 10.Rc1 h6 11.Bh4 Qe7 12.c4 exd4 13.Nbxd4 dxc4 14.Bxc4 Nb6 15.Bb3 Bd7
16.Qc2 g5 17.Bg3 Ne4 18.Ne5 Bxe5 19.Qxe4 Bg7 20.Qd3 Rad8 21.Bc2 Nd5 22.Nf5 Bxf5
23.Qxf5 Qf6 24.Qh7+ Kf8 25.Rb1 Qe6 26.Bb3 Nf6 27.Qc2 Qe4 28.Qc5+ Qe7 29.Qxa7 Ne4
30.Rbd1 Nxg3 31.fxg3 Rxd1 32.Rxd1 Qxe3+ 33.Qxe3 Rxe3 34.Rd7 Re7 35.Rd8+  1/2-1/2

[Event "Capablanca 32th Elite"]
[Site "Cienfuegos"]
[Date "1997.05.06"]
[Round "2"]
[White "Morovic Fernandez, Ivan"]
[Black "Miles, Anthony J"]
[Result "1/2-1/2"]
[WhiteElo "2580"]
[BlackElo "2550"]

1.e4 e6 2.d4 d5 3.Nc3 dxe4 4.Nxe4 Nd7 5.Nf3 Ngf6 6.Bg5 Be7 7.Nxf6+ Bxf6 8.h4 h6
9.Bxf6 Qxf6 10.Qd2 O-O 11.O-O-O e5 12.Qe3 exd4 13.Rxd4 Nb6 14.Qe5 Qxe5  1/2-1/2

[Event "Capablanca 32th Elite"]
[Site "Cienfuegos"]
[Date "1997.05.09"]
[Round "4"]
[White "Leko, Peter"]
[Black "Miles, Anthony J"]
[Result "1/2-1/2"]
[WhiteElo "2600"]
[BlackElo "2550"]

1.e4 e5 2.Nf3 Nf6 3.d4 Nxe4 4.Bd3 d5 5.Nxe5 Nd7 6.Nxd7 Bxd7 7.O-O Qh4 8.c4 Nf6
9.Nc3 dxc4 10.Qe2+ Be7 11.Bxc4 Qxd4 12.Rd1 Qh4 13.g3 Qh3 14.Bf4 O-O 15.Qxe7 Rae8
16.Qc5 Ng4 17.Bd5 Bc6 18.Rd2 Qxh2+ 19.Kf1 Qh3+ 20.Kg1 Qh2+ 21.Kf1  1/2-1/2

[Event "Capablanca 32th Elite"]
[Site "Cienfuegos"]
[Date "1997.05.12"]
[Round "6"]
[White "Becerra Rivero, Julio"]
[Black "Miles, Anthony J"]
[Result "1/2-1/2"]
[WhiteElo "2510"]
[BlackElo "2550"]

1.e4 c6 2.c4 e5 3.d4 Bb4+ 4.Bd2 Bxd2+ 5.Qxd2 d6 6.Nc3 Qf6 7.O-O-O Qh6 8.Nge2 Qxd2+
9.Rxd2 Nf6 10.f3 Nbd7 11.Ng3 g6 12.Be2 Nf8 13.d5 c5 14.h4 h5 15.a3 Ke7 16.b4 N8d7
17.Ra2 b6 18.Kd2 Ba6 19.Nf1 Ne8 20.Ne3 Ng7 21.Bd3 Rhf8 22.Rha1 f5 23.b5 Bb7
24.a4 f4 25.Nf1 Kd8 26.a5 Kc7 27.axb6+ axb6 28.Rxa8 Bxa8 29.Nd1 Bb7 30.Nf2 Nf6
31.Nh3 Nh7 32.Ke1 Kb8 33.Kf2 Bc8 34.Nd2 Bxh3 35.gxh3 Ne8 36.Bf1 Rg8 37.Nb1 Nef6
38.Nc3 Kb7 39.Kg2 Ne8 40.Kf2 Nc7 41.Bg2 Nf6 42.Bf1 Rg7 43.Ne2 Ng8 44.Ra2 Nh6
45.Ra1 Nf7 46.Ra2 Rg8 47.Nc1 Ne8 48.Ra6 Nf6 49.Bg2 Nd7 50.Ne2 Ra8 51.Rxa8 Kxa8
52.Nc1 Nd8 53.Nb3 Nb7 54.Bf1 Kb8 55.Bd3 Kc7 56.Bb1 Kd8 57.Ba2 Ke7 58.Nc1 Kf6
59.Nd3 g5 60.Ne1 Nf8 61.Ng2 Ng6 62.Bb3 Nd8 63.Bd1 Nf7 64.Be2 Nf8 65.hxg5+ Kxg5
66.h4+ Kf6 67.Kg1 Nd8 68.Bd1 Nb7 69.Bb3 Na5 70.Ba2 Ng6  1/2-1/2

[Event "Capablanca 32th Elite"]
[Site "Cienfuegos"]
[Date "1997.05.15"]
[Round "8"]
[White "Spraggett, Kevin"]
[Black "Miles, Anthony J"]
[Result "0-1"]
[WhiteElo "2580"]
[BlackElo "2550"]

1.c4 Nf6 2.Nf3 c6 3.g3 d5 4.Qc2 Bg4 5.Bg2 Nbd7 6.d3 dxc4 7.dxc4 e6 8.O-O Bf5
9.Qd1 Be7 10.Nc3 Qc7 11.Nh4 Bg4 12.h3 Bh5 13.Qc2 Ng8 14.Nf3 Bg6 15.e4 e5
16.b3 Ngf6 17.Nh4 Bc5 18.Nf5 O-O 19.Bg5 h6 20.Bh4 Rfe8 21.Rad1 Nh7 22.Kh1 Ndf6
23.g4 Ng5 24.Ne2 Rad8 25.Rxd8 Rxd8 26.f4 exf4 27.Nxf4 Bxf5 28.exf5 Qd6 29.Bf2 Bxf2
30.Qxf2 Nge4 31.Qe3 Re8 32.Re1 Nc5 33.Qxe8+ Nxe8 34.Rxe8+ Kh7 35.Ne2 Qd7
36.Re3 Qd2 37.Re7 Qxa2 38.Nf4 Qd2  0-1